000 00608nam a2200217 i 4500
001 bg
100 1 _aTERELAK, Jan Feliks
_d(1942- )
245 1 0 _aPsychologia stresu /
_cJan F. Terelak.
260 _aBydgoszcz :
_b"Branta",
_ccop. 2001.
300 _a461 s. :
_bil. ;
_c21 cm.
504 _aBibliogr. - Indeks.
650 9 _aStres
_xpsychologia
020 _a8386605642
040 _cBPK
041 0 _apl
080 _a159.913
920 _a83-86605-64-2
942 _cKS
008 s pl f |000 0 pol
999 _c42000
_d42000
856 _uhttp://koha.tu.koszalin.pl/cgi-bin/koha/opac-detail.pl?biblionumber=42000
_yKatalog online BPK